Missing Word: London Quiz Stats

 Plays Quiz Updated Oct 9, 2019

Score 0/20 Timer 03:00
6 Plays Today
Hint Missing Word % Correct
Sherlock ___Holmes
97.2%
Double-decker ___Bus
95.9%
Jack the ___Ripper
94.9%
Westminster ___Abbey
90.2%
Mary ___Poppins
90%
Great ___ of 1666Fire
88.7%
___ Mean TimeGreenwich
82.8%
National Portrait ___Gallery
78.2%
The ___ TelegraphDaily
76%
Coca-Cola ___ EyeLondon
72.8%
Hint Missing Word % Correct
Shakespeare's ___Globe
71%
Crystal ___ F.C.Palace
64.5%
___ Hill CarnivalNotting
59.7%
Old ___Bailey
52.6%
Only ___ and HorsesFools
52%
___ WharfCanary
51.1%
Cleopatra's ___Needle
49.3%
St ___ InternationalPancras
45.9%
___ HamletsTower
39.3%
Great ___ of 1952Smog
15.8%

Today's Daily Dose

Missing Word
Banned Books (A-Z)

Word Ladder
Janis Joplin

Get the Picture
Occupations

You're not logged in!

Compare scores with friends on all Sporcle quizzes.
OR
Log In

Sporcle TV

Today on Sporcle TV


Watch our educational content, quiz creation guides, and fun videos on Sporcle TV.

Show Comments

Extras

Top Quizzes Today


Score Distribution

Your Account Isn't Verified!

In order to create a playlist on Sporcle, you need to verify the email address you used during registration. Go to your Sporcle Settings to finish the process.

Report this User

Report this user for behavior that violates our Community Guidelines.

Details: